| 000 | 00903nam a22002417a 4500 | ||
|---|---|---|---|
| 999 |
_c9724 _d9724 |
||
| 003 | AR-CdUCM | ||
| 008 | 190328b ||||| |||| 00| 0 spa d | ||
| 040 |
_aMUNICIPALIDAD PROVINCIAL DEL CUSCO _cBIBLIOTECA MUNICIPAL DEL CUSCO |
||
| 082 |
_a869.624 / _bSI55C |
||
| 100 |
_aSilva, José Félix _926123 |
||
| 245 | _aCanto a la tierra desolada / | ||
| 260 |
_aQuito : _bCasa de la Cultura Ecuatoriana, _c[s.a] |
||
| 300 |
_a34 páginas ; _bdibujos, ilustraciones ; _c19 cm. |
||
| 440 |
_aCuadernos de Arte y Poesía _926124 |
||
| 500 | _aDonación de la familia Nieto. | ||
| 650 |
_aPoesía ecuatoriana _91692 |
||
| 650 |
_aPoetas ecuatorianos contemporáneos _926125 |
||
| 650 |
_aPoesía - Siglo XX - Ecuador _926126 |
||
| 700 |
_aBravomalo R. César (Ilustrador) _926127 |
||
| 710 |
_aAsociación Escuela de Derecho de la Universidad Central _926128 |
||
| 942 |
_2ddc _cLIBROS |
||
| 945 | _alccs | ||